Statystyki dla Państwa graniczące z Hiszpanią.

Kliknij tutaj aby rozwiązać quiz!

Ogólne statystyki

  • Ten quiz został rozwiązany 193 razy
    (150 od ostatniego zresetowania)
  • Średni wynik to 4 z 5

Statystyki odpowiedzi

Państwo% Poprawnych
Portugalia
98%
Francja
96%
Andora
83%
Maroko
75%
Wielka Brytania
50%

Rozkład punktacji

Percentyl według liczby udzielonych odpowiedzi

Procent ludzi z każdym wynikiem

Twoja historia wyników

Nie rozwiązałeś tego quizu od ostatniego zresetowania